Going Haywire / (Record no. 9236)

MARC details
000 -LEADER
fixed length control field 01212nam a22002657a 4500
001 - CONTROL NUMBER
control field 9236
003 - CONTROL NUMBER IDENTIFIER
control field FISKH
005 - DATE AND TIME OF LATEST TRANSACTION
control field 20251204103315.0
008 - FIXED-LENGTH DATA ELEMENTS--GENERAL INFORMATION
fixed length control field 251204b cb ||||| |||| 00| 0 eng d
020 ## - INTERNATIONAL STANDARD BOOK NUMBER
International Standard Book Number 9781855911383
040 ## - CATALOGING SOURCE
Original cataloging agency FISKH
Language of cataloging eng
Transcribing agency FISKH
Modifying agency FISKH
082 ## - DEWEY DECIMAL CLASSIFICATION NUMBER
Classification number 823.914
100 ## - MAIN ENTRY--PERSONAL NAME
Personal name Wilson, Bob
245 ## - TITLE STATEMENT
Title Going Haywire /
Statement of responsibility, etc. story Olivia Madden ; Developed from a script by Bob Wilson
250 ## - EDITION STATEMENT
Edition statement This edition published in 1992.
260 ## - PUBLICATION, DISTRIBUTION, ETC.
Place of publication, distribution, etc. London :
Name of publisher, distributor, etc. Buzz Book,
Date of publication, distribution, etc. 1990
300 ## - PHYSICAL DESCRIPTION
Extent 30 pages :
Other physical details color illustrations ;
Dimensions 18 cm
505 ## - FORMATTED CONTENTS NOTE
Formatted contents note J<br/>
520 ## - SUMMARY, ETC.
Summary, etc. On a summer day, Joshua Jones and his friends face a storm while working at the Wharf and Joe Laski’s farm. Mr. Cashmore is preparing for a meal with the Biggotts, while Spanner, Ravi, and Fiona help load hay before the storm hits. Joshua assists by moving the hay onto his boat to protect it. Ravi narrowly avoids being struck by lightning while trying to save a bale of hay. In the end, the group works together to overcome the challenges, despite the storm and some humorous mishaps.
521 8# - TARGET AUDIENCE NOTE
Target audience note 500<br/>
Source Lexile estimate<br/>
521 8# - TARGET AUDIENCE NOTE
Target audience note J<br/>
Source Raz-Plus<br/>
650 ## - SUBJECT ADDED ENTRY--TOPICAL TERM
Topical term or geographic name entry element JoshuaJones
942 ## - ADDED ENTRY ELEMENTS (KOHA)
Source of classification or shelving scheme Dewey Decimal Classification
Koha item type Books
Suppress in OPAC No
Holdings
Withdrawn status Lost status Source of classification or shelving scheme Damaged status Not for loan Collection Home library Current library Shelving location Date acquired Total Checkouts Full call number Barcode Date last seen Copy number Price effective from Koha item type
    Dewey Decimal Classification     Juvenile Fiction Footprints International School Library Network Toul Tom Poung Campus Footprints International School Library Network Toul Tom Poung Campus TTP Primary Dark Blue Bookshelves 12/04/2025   WIL 823.914 PZ7 FIS01908 12/04/2025 1 12/04/2025 Books